| 000 | 00870nam a2200265 a 4500 | ||
|---|---|---|---|
| 001 | vtls001218325 | ||
| 003 | NLI | ||
| 005 | 20210603170851.0 | ||
| 008 | 120525s2003 ii s000 0 eng | ||
| 039 | 9 |
_a201205252220 _bVLOAD _y201203282056 _zVLOAD |
|
| 040 | 0 |
_aNLI _beng _cDatasoft_IOD _eAACR2 |
|
| 041 | 0 | _aeng | |
| 044 | _aii | ||
| 082 | 0 | 4 | _a370.113 |
| 245 | 0 | 0 |
_aFoundation in public health and samitation / _cpublished by All India Institute of Local Self Government |
| 260 |
_aMumbai : _bAll India Institute of Local Self Government, _cc2003 |
||
| 300 |
_a244 p. ; _c28 cm. |
||
| 500 | _aGovernment publication | ||
| 650 | 0 |
_aEducational sociology _zIndia |
|
| 710 | 2 | _aAll India Institute of Local Self-Government (Mumbai) | |
| 887 | _a | ||
| 901 |
_a138863 date _b28.1.2004 |
||
| 902 | _aGP 370.113 F 825paperi v, v | ||
| 942 |
_2ddc _cBKS |
||
| 999 |
_aVIRTUA40 _c522012 _d522012 |
||